[Event "Vladimir Bato Kontic Memorial 2021"]
[Site "Niksic"]
[Date "2021.04.22"]
[Round "9.2"]
[White "Djukic, Nikola"]
[Black "Niemann, Hans Moke"]
[Result "1/2-1/2"]
[WhiteElo "2515"]
[BlackElo "2508"]
[Annotator "TA"]
[PlyCount "40"]
[EventDate "2021.04.17"]
[EventType "swiss"]
[EventCountry "MNE"]
[SourceTitle "playchess.com"]
[Source "ChessBase"]
[SourceQuality "1"]

{[%evp 18,40,8,8,18,-13,16,15,35,20,32,21,25,26,30,24,28,22,17,19,22,15,0,-14,-6]} 1. e4 e5 2. Nf3 Nc6 3. Bb5 Nf6 4. O-O Nxe4 5. d4 Nd6 6. Bxc6 dxc6 7. dxe5 Nf5 8. Qxd8+ Kxd8 9. h3 Ke8 10. Nc3 Be7 {C67: Ruy Lopez: Berlin Defence: 4 0-0 Nxe4.} 11. Ne2 {11.g4 is the modern continuation.} h5 12. Bg5 Be6 13. Nf4 Bd5 14. Nxd5 cxd5 15. Rad1 c6 16. Rd3 h4 17. Rfd1 {[#]} f6 $146 {The position is equal.} ({Predecessor:} 17... Bxg5 18. Nxg5 Ke7 19. c4 d4 20. c5 Rhd8 21. Nf3 Rd5 22. Nxd4 Nxd4 23. Rxd4 Ke6 24. Rxd5 cxd5 {0-1 (43) Inarkiev,E (2732)-Jakovenko,D (2714) Novosibirsk 2016}) 18. exf6 gxf6 19. Bf4 Kf7 20. Nd4 Nxd4 {A rather calm draw.  Weighted Error Value: White=0.05/Black=0.08} 1/2-1/2

[Event "Vladimir Bato Kontic Memorial 2021"]
[Site "Niksic"]
[Date "2021.04.22"]
[Round "9.3"]
[White "Osmak, Iulija"]
[Black "Draskovic, Luka"]
[Result "0-1"]
[WhiteElo "2428"]
[BlackElo "2472"]
[Annotator "TA"]
[PlyCount "88"]
[EventDate "2021.04.17"]
[EventType "swiss"]
[EventCountry "MNE"]
[SourceTitle "playchess.com"]
[Source "ChessBase"]
[SourceQuality "1"]

{[%evp 15,88,28,31,17,49,62,85,63,59,51,63,60,48,62,58,50,62,52,60,37,63,32,34,27,35,13,29,23,27,24,33,44,34,20,34,19,29,0,31,12,27,29,95,100,133,125,152,149,152,114,167,160,166,166,207,231,206,-504,-491,-535,-535,-511,-527,-1218,-572,-885,-814,-991,-577,-29990,-29991,-29993,-29994,-29994,-29995]} 1. d4 d6 2. e4 Nf6 3. Nc3 e5 4. Nf3 Nbd7 5. Bc4 Be7 6. a4 O-O 7. O-O c6 8. Ba2 h6 9. Qe2 {C41: Philidor Defence.} Nh7 10. Rd1 Bf6 11. Be3 {White is better.} Ng5 {[#]} 12. Nxg5 $146 ({Predecessor:} 12. dxe5 dxe5 13. Rd6 Qe7 14. Rad1 Re8 15. Nxg5 Bxg5 16. Bxg5 hxg5 17. Qh5 Nf8 18. R1d3 {0-1 (32) Suhl,D (2322)-Schmidt Schaeffer,S (2322) Berlin 2002}) 12... Bxg5 13. Rd3 Bxe3 14. Qxe3 Qe7 15. Rad1 Nf6 16. f3 b6 17. Bc4 Bb7 18. d5 c5 19. a5 Bc8 20. Bb5 Rb8 21. axb6 Rxb6 22. b3 Ba6 23. Bxa6 Rxa6 24. Ne2 Kh7 25. Rf1 Ra2 26. Rd2 Rc8 27. Nc3 Ra6 28. Rdd1 Rb6 (28... c4 $11 {remains equal.}) 29. Na4 $1 $16 {[%cal Ra4b6,Bc3a4,Ba4b2,Bb2c4][%mdl 32]} Rb4 {[#]} 30. Nb2 a5 {[#]} 31. Ra1 $1 Qc7 32. Ra3 c4 (32... a4 $16 {might work better.}) 33. Nxc4 $18 a4 34. Rfa1 Qb8 35. Rxa4 {Hoping for Ra8!} Rcxc4 36. bxc4 $4 {[%mdl 8192]} (36. Ra8 $18 Qxa8 37. Rxa8 Rxc2 38. Ra4) 36... Rxa4 $19 {[%mdl 64] Overworked Piece} 37. Rxa4 $18 {[%mdl 4096] Endgame KQR-KQN} Qb1+ {[%mdl 64] Double Attack} 38. Kf2 {Black must now prevent Qc3.} Qxc2+ {[%mdl 64] Double Attack} 39. Kg3 Qxa4 (39... Nh5+ $142 40. Kh3 Nf4+ 41. Qxf4 exf4) 40. c5 dxc5 41. Qxc5 {[#]} Qxe4 $3 {[%mdl 512] ( -> ...Qf4+)} 42. d6 (42. Kf2 Qd3) 42... Qf4+ {Black mates.} 43. Kh3 g5 {[%csl Gg5][%cal Rf4h4]} 44. g3 Qxf3 {[%cal Rf3f1] Weighted Error Value: White=0.64/Black=0.42} 0-1

[Event "Vladimir Bato Kontic Memorial 2021"]
[Site "Niksic"]
[Date "2021.04.22"]
[Round "9.4"]
[White "Kalezic, Blazo"]
[Black "Bogosavljevic, Boban"]
[Result "1/2-1/2"]
[WhiteElo "2456"]
[BlackElo "2523"]
[Annotator "TA"]
[PlyCount "34"]
[EventDate "2021.04.17"]
[EventType "swiss"]
[EventCountry "MNE"]
[SourceTitle "playchess.com"]
[Source "ChessBase"]
[SourceQuality "1"]

{[%evp 16,21,30,26,30,43,59,25]} 1. e4 c5 2. c3 d5 3. exd5 Qxd5 4. d4 g6 5. Nf3 Bg7 6. Na3 Nf6 7. Bc4 Qe4+ 8. Be3 O-O 9. O-O cxd4 {B22: Sicilian: 2 c3.} 10. Nxd4 Qe5 11. h3 {[#] Not enough moves} {Predecessor:} Nc6 $146 12. Nxc6 bxc6 13. Re1 Qc7 14. Qf3 Qb7 15. Bc5 Re8 16. Bb3 Nd5 17. Nc4 Be6 {1-0 (36) Salgado Lopez,I (2598)-Riff,J (2458) Haguenau 2013} 1/2-1/2

[Event "Vladimir Bato Kontic Memorial 2021"]
[Site "Niksic"]
[Date "2021.04.22"]
[Round "9.5"]
[White "Kisic, Bozidar"]
[Black "Sanal, Vahap"]
[Result "0-1"]
[WhiteElo "2263"]
[BlackElo "2572"]
[Annotator "TA"]
[PlyCount "94"]
[EventDate "2021.04.17"]
[EventType "swiss"]
[EventCountry "MNE"]
[SourceTitle "playchess.com"]
[Source "ChessBase"]
[SourceQuality "1"]

{[%evp 10,94,25,-3,0,-8,6,-18,-13,-16,-8,-13,-7,-18,-21,-33,-29,-35,-20,-42,-38,-49,-15,-33,-33,-63,-27,-67,-52,-51,-52,-76,-75,-85,-68,-75,-78,-95,-95,-95,-85,-93,-85,-79,-82,-95,-95,-112,-110,-119,-120,-129,-116,-126,-122,-136,-130,-121,-112,-110,0,-119,-103,-112,-10,-54,-47,-73,-65,-112,-68,-84,-72,-110,-114,-144,-142,-159,-174,-139,-171,-469,-379,-737,-554,-752,-586]} 1. d4 {Fuchs,R} e6 2. c4 Bb4+ 3. Nc3 Nf6 4. e3 c5 5. Nge2 cxd4 6. Nxd4 O-O {A32: Symmetrical English: 2 Nf3 Nf6 3 d4 cxd4 4 Nxd4 e6.} 7. Be2 Ne4 8. Qc2 (8. Bd2 {is interesting.} Nxc3 9. Bxc3 Bxc3+ 10. bxc3 Nc6 11. O-O) 8... Nxc3 {The position is equal.} 9. bxc3 Be7 10. O-O {[#]} Na6 $146 ({Predecessor:} 10... Nc6 11. Rd1 Na5 12. Nb3 Qc7 13. Qd3 Nc6 14. c5 b6 15. Ba3 bxc5 16. Bxc5 d5 {0-1 (38) Krogius,N (2540)-Romanishin,O (2525) Berlin East 1990 EXT 1997 [Fuchs,R]}) 11. a4 Nc5 12. Rd1 Qc7 13. Ba3 a6 14. Nb3 d6 15. e4 e5 16. Bxc5 dxc5 17. h3 g6 18. Nd2 Be6 19. Nf1 Bg5 $1 20. Qb3 Qc6 21. Bf3 Rad8 22. Re1 h5 23. Ne3 Bxe3 24. Rxe3 Rd7 25. Ree1 Rfd8 26. Rab1 a5 27. Rb2 Rb8 28. Reb1 b6 29. Re1 Rd6 30. Kh2 Qc7 31. Kg1 Rbd8 32. Be2 Qe7 33. Qc2 Qg5 34. Qc1 Qe7 (34... Qf6 $17 35. Qe3 Bd7) 35. Qe3 (35. Qc2 $1 $11 {was the only way to keep the balance.}) 35... Bd7 $17 36. Reb1 Qe6 (36... Rb8 $17 37. Bd1 Kg7) 37. Bxh5 Bxa4 38. Bg4 {[#]} Qf6 ({Much weaker is} 38... Qxc4 39. Rxb6 Rd3 40. Qg5 $11) 39. Ra1 Be8 40. Qe1 Bd7 41. Bxd7 R8xd7 42. Qe2 Qd8 43. g3 Rd2 44. Rxd2 Rxd2 45. Qe1 (45. Qf3) 45... Qd3 46. Rb1 $2 (46. h4) 46... Re2 47. Qc1 Qxe4 {Weighted Error Value: White=0.41/Black=0.19} 0-1

[Event "Vladimir Bato Kontic Memorial 2021"]
[Site "Niksic"]
[Date "2021.04.22"]
[Round "9.6"]
[White "Nikac, Predrag"]
[Black "Injac, Teodora"]
[Result "1-0"]
[WhiteElo "2318"]
[BlackElo "2340"]
[Annotator "ChessBase"]
[PlyCount "87"]
[EventDate "2021.04.17"]
[EventType "swiss"]
[EventCountry "MNE"]
[SourceTitle "playchess.com"]
[Source "ChessBase"]
[SourceQuality "1"]
[TimeControl "40/5400+30:1800+30"]

1. f4 {[%emt 0:30:27]} d5 {[%emt 0:02:03]} 2. Nf3 {[%emt 0:07:08]} g6 {[%emt 0:00:52]} 3. g3 {[%emt 0:00:09]} Bg7 {[%emt 0:00:31]} 4. Bg2 {[%emt 0:00:10]} c6 {[%emt 0:01:09]} 5. a4 {[%emt 0:00:25]} a5 {[%emt 0:02:26]} 6. O-O {[%emt 0:00:12]} Qb6+ {[%emt 0:02:41]} 7. Kh1 {[%emt 0:01:30]} Nh6 {[%emt 0:17:25]} 8. Ra3 {[%emt 0:04:50]} Nf5 {[%emt 0:07:27]} 9. Rb3 {[%emt 0:01:02]} Qa7 {[%emt 0:08:25]} 10. Nc3 {[%emt 0:06:39]} h5 {[%emt 0:04:15]} 11. e4 {[%emt 0:01:11]} dxe4 {[%emt 0:00:11]} 12. Nxe4 {[%emt 0:00:08]} h4 {[%emt 0:05:49]} 13. Nxh4 {[%emt 0:04:11]} Be6 {[%emt 0:09:40]} 14. Re3 {[%emt 0:15:18]} Nxe3 {[%emt 0:03:56]} 15. dxe3 {[%emt 0:00:03]} Nd7 {[%emt 0:06:31]} 16. b3 {[%emt 0:08:41]} O-O-O {[%emt 0:02:47]} 17. Ng5 {[%emt 0:01:47]} Nc5 {[%emt 0:07:23]} 18. Qe2 {[%emt 0:02:14]} Bf6 {[%emt 0:01:22]} 19. Nhf3 {[%emt 0:01:01]} Rdf8 {[%emt 0:07:36]} 20. Nxe6 {[%emt 0:05:02]} Nxe6 {[%emt 0:00:07]} 21. e4 {[%emt 0:00:19]} Nd4 {[%emt 0:01:00]} 22. Qc4 {[%emt 0:01:40]} Nxf3 {[%emt 0:00:48]} 23. Bxf3 {[%emt 0:00:13]} Qd4 {[%emt 0:02:32]} 24. Qe2 {[%emt 0:00:22]} e6 {[%emt 0:00:24]} 25. Ba3 {[%emt 0:02:29]} Rd8 {[%emt 0:00:36]} 26. e5 {[%emt 0:00:36]} Bg7 {[%emt 0:00:04]} 27. Bd6 {[%emt 0:01:36]} Bf8 {[%emt 0:00:33]} 28. Rd1 {[%emt 0:00:17]} Qb6 {[%emt 0:00:26]} 29. c4 {[%emt 0:01:50]} Bxd6 {[%emt 0:00:26]} 30. exd6 {[%emt 0:00:11]} Qc5 {[%emt 0:04:21]} 31. Qe5 {[%emt 0:00:45]} Qxe5 {[%emt 0:00:06]} 32. fxe5 {[%emt 0:00:04]} Kd7 {[%emt 0:00:17]} 33. c5 {[%emt 0:00:15]} Rhf8 {[%emt 0:00:46]} 34. Rf1 {[%emt 0:01:14]} Rb8 {[%emt 0:00:04]} 35. Be4 {[%emt 0:00:29]} g5 {[%emt 0:00:43]} 36. Rf6 {[%emt 0:01:45]} b6 {[%emt 0:00:25]} 37. cxb6 {[%emt 0:00:22]} Rxb6 {[%emt 0:00:06]} 38. Bg6 {[%emt 0:00:14]} Rxb3 {[%emt 0:01:29]} 39. Bxf7 {[%emt 0:00:07]} Kd8 {[%emt 0:00:03]} 40. Bxe6 {[%emt 0:00:00]} Rxf6 {[%emt 0:00:00]} 41. exf6 {[%emt 0:18:43]} Rf3 {[%emt 0:22:05]} 42. f7 {[%emt 0:02:03]} c5 {[%emt 0:09:23]} 43. g4 {[%emt 0:00:13]} Rf6 {[%emt 0:00:02]} 44. h4 {[%emt 0:00:12]} 1-0

[Event "Vladimir Bato Kontic Memorial 2021"]
[Site "Niksic"]
[Date "2021.04.22"]
[Round "9.7"]
[White "Runic, Zoran"]
[Black "Plenca, Jadranko"]
[Result "1/2-1/2"]
[WhiteElo "2378"]
[BlackElo "2472"]
[Annotator "TA"]
[PlyCount "23"]
[EventDate "2021.04.17"]
[EventType "swiss"]
[EventCountry "MNE"]
[SourceTitle "playchess.com"]
[Source "ChessBase"]
[SourceQuality "1"]

{[%evp 9,23,33,29,22,30,16,22,-16,0,-10,0,0,13,12,41,30]} 1. e4 e5 2. Nc3 b6 3. g3 Bb7 4. Bg2 g6 5. d3 Bg7 {[#]} 6. Nge2 $146 {C25: Vienna Game: Alternatives to 2...Nf6.} ({Predecessor:} 6. Be3 c5 7. Qd2 Ne7 8. Nh3 d6 9. O-O O-O 10. f4 f5 11. fxe5 dxe5 12. Bg5 {½-½ (27) Noble,R (1542)-Potts,D (1523) Dundee 2014}) 6... Ne7 7. O-O O-O 8. Nd5 {The position is equal.} Nxd5 9. exd5 d6 10. c4 Nd7 11. Be3 a6 12. Qd2 {Weighted Error Value: White=0.12/Black=0.07} 1/2-1/2

[Event "Vladimir Bato Kontic Memorial 2021"]
[Site "Niksic"]
[Date "2021.04.22"]
[Round "9.8"]
[White "Tomic, Aleksandar"]
[Black "Sahin, Ozgun"]
[Result "1-0"]
[WhiteElo "2377"]
[BlackElo "2281"]
[Annotator "TA"]
[PlyCount "69"]
[EventDate "2021.04.17"]
[EventType "swiss"]
[EventCountry "MNE"]
[SourceTitle "playchess.com"]
[Source "ChessBase"]
[SourceQuality "1"]

{[%evp 26,69,61,40,37,26,62,54,129,131,121,117,98,75,52,32,40,48,53,8,8,8,8,8,8,8,26,0,0,0,620,11,1069,1043,29986,29982,29991,29990,29990,6279,6279,6198,6179,1964,5210,5210]} 1. d4 d5 2. c4 e6 3. Nf3 Nf6 4. Nc3 Be7 5. Bg5 O-O 6. e3 h6 7. Bh4 Ne4 8. Bxe7 Qxe7 9. cxd5 Nxc3 10. bxc3 exd5 11. Bd3 Bg4 12. h3 Bxf3 13. Qxf3 c6 14. O-O Nd7 {D57: Queen's Gambit Declined: Lasker Defence: Main line (9 cxd5).} 15. a4 {[#]} (15. c4 {is interesting.} dxc4 16. Bxc4 Nf6 17. Rac1 Rfd8 18. Rc2) 15... a5 $146 ({Predecessor:} 15... Nf6 16. c4 b6 17. Rfc1 Rfc8 18. Rc2 Rab8 19. Rac1 dxc4 20. Rxc4 c5 21. h4 Rd8 22. Bf5 {½-½ (53) Hosek,M (1978)-Licka,V (2000) Brno 2011}) 16. Rab1 Qa3 (16... Nf6 $14) 17. Rxb7 $16 Nf6 18. Qd1 Rab8 19. Rxb8 Rxb8 20. Qc2 g5 21. c4 Rb3 22. Be2 {White wants to play cxd5.} Rb2 $1 {[%cal Rb2c2]} 23. Qc1 Ne4 24. cxd5 Nc3 25. Bd3 cxd5 26. Kh1 {Black should prevent f4.} Kg7 27. f4 {Threatens to win with fxg5.} Nxa4 $2 {[%mdl 8192] [#]} (27... g4 $11) 28. Qd1 $2 (28. fxg5 $1 $18 Qxd3 29. gxh6+ Kxh6 30. e4+ Kh7 31. Rxf7+ Kg6 32. Qf4 Qd1+ 33. Kh2 Rxg2+ 34. Kxg2 Qc2+ 35. Qf2 Qxf2+ 36. Rxf2) 28... Qc3 $2 {[%mdl 8192] A mistake that costs the game.} 29. fxg5 $18 {White wants to mate with Qf3!} hxg5 {[#]} 30. Qh5 $1 Rb7 (30... Rf2 31. Rxf2) 31. Qxg5+ Kf8 32. Qd8+ (32. Bh7 $142 Qe1 33. Rxe1 Ke8 34. Qg8+ Ke7 35. Rf1 f6 36. Qg7+ {[%mdl 64] Double Attack} Kd8 37. Qxb7) 32... Kg7 {White is clearly winning.} 33. Qf6+ Kg8 {[#]} 34. Rf3 Qxd3 35. Rg3+ {Weighted Error Value: White=0.58/Black=0.72} 1-0

[Event "Vladimir Bato Kontic Memorial 2021"]
[Site "Niksic"]
[Date "2021.04.22"]
[Round "9.9"]
[White "Potpara, Nikola"]
[Black "Miletic, Vuk"]
[Result "1/2-1/2"]
[WhiteElo "2370"]
[BlackElo "2254"]
[Annotator "TA"]
[PlyCount "130"]
[EventDate "2021.04.17"]
[EventType "swiss"]
[EventCountry "MNE"]
[SourceTitle "playchess.com"]
[Source "ChessBase"]
[SourceQuality "1"]

{[%evp 9,130,0,29,21,22,20,14,27,41,43,45,50,41,43,44,39,58,39,47,39,48,50,48,49,43,44,62,64,95,74,86,83,105,77,76,85,93,93,116,108,119,107,112,112,130,99,132,108,114,104,117,120,147,141,136,87,93,93,104,48,47,24,24,0,0,0,9,0,0,0,0,-6,0,0,0,0,0,-26,-19,-25,-48,-105,-100,-215,-175,-180,-177,-180,-175,-173,-162,-170,-131,-145,-67,-107,-78,-67,-59,-97,-16,-16,-8,-16,-8,-8,-8,-8,-8,-8,-8,-16,-8,-8,-8,-16,-16,-21,-16,-21,-8,-23,-8]} 1. d4 e6 2. Bf4 Nf6 3. e3 d5 4. Nf3 Bd6 5. Nbd2 c5 6. dxc5 {D02: 1 d4 d5 2 Nf3 sidelines, including 2...Nf6 3 g3 and 2...Nf6 3 Bf4.} Bxf4 7. exf4 Qc7 8. g3 {The position is equal.} Qxc5 9. Bd3 Nc6 10. c3 O-O 11. O-O Rd8 12. Qe2 Bd7 {[#]} 13. Rfe1 $146 ({Predecessor:} 13. Nb3 Qb6 14. Nbd4 Rac8 15. Rad1 Nxd4 16. Nxd4 Qa5 17. a3 Re8 18. Rfe1 a6 19. Rd2 {½-½ (46) Taggatz,M (2203)-Singer,C (2337) Austria 2018}) 13... Be8 14. h4 Qb6 15. Nb3 a5 16. Nbd4 Nxd4 17. Nxd4 a4 18. a3 Nd7 19. Rad1 Qd6 20. Bb1 Rac8 21. Bc2 Ra8 22. Nf3 Nf6 23. Rd4 Bc6 24. Ne5 Qc5 25. Red1 Bb5 26. Qf3 Rdc8 27. R1d2 Be8 28. h5 h6 29. g4 Qc7 30. Re2 Bb5 31. Re1 Nd7 32. Qd1 Nxe5 33. Rxe5 Qe7 34. Bb1 ({Not} 34. Bxa4 Bxa4 35. Rxa4 Rxa4 $17) ({Better is} 34. Re3 $16) 34... Qh4 $14 35. Re3 Rc4 36. Rg3 (36. Kg2 {is interesting.} Rac8 37. Bc2 Qf6 38. Kg3 Rxd4 39. cxd4 Qe7 40. Qd2) 36... Rxd4 37. Qxd4 Qf6 38. Qd2 (38. Qxf6 {with more complications.} gxf6 39. f3 d4 40. cxd4 Rd8 41. d5) 38... d4 39. g5 dxc3 40. bxc3 hxg5 41. fxg5 Qe5 42. g6 {[#] Hoping for gxf7+.} f6 ({Much worse is} 42... Qxh5 $6 43. gxf7+ Qxf7 44. Qh6 $16) 43. Ba2 Re8 44. h6 Bc6 45. Qe3 (45. Kf1 $15) 45... gxh6 $17 46. f4 (46. Qxe5 $17 {keeps fighting.} fxe5 47. g7) 46... Qxe3+ 47. Rxe3 $19 {[%mdl 4096] Endgame KRB-KRB} Kg7 48. Bxe6 {[#]} Bd5 $1 {[%mdl 512]} 49. f5 Bxe6 50. fxe6 Kxg6 {KR-KR} 51. Re4 b5 (51... h5 $17 52. Rxa4 Rxe6) 52. c4 bxc4 (52... Kf5 {seems wilder.} 53. Rd4 b4 54. axb4 Rxe6 55. c5 a3) 53. Rxc4 Rxe6 {White must now prevent ...Ra6.} 54. Rxa4 Re1+ ({Black should play} 54... f5 $17 55. Kf2 Kg5) 55. Kf2 $11 Ra1 (55... Rc1 {feels hotter.} 56. Kg3 Kg5 57. Rg4+ Kf5 58. Rf4+ Ke5) 56. Ra8 Kf5 57. Kf3 h5 58. Ra5+ Kg6 59. Kg3 Rc1 60. Ra8 Rc3+ 61. Kh4 Rc4+ 62. Kh3 Kg5 63. Rg8+ Kf5 64. Ra8 Rc3+ 65. Kh4 Kg6 {Quite a comeback for White.  Weighted Error Value: White=0.11/Black=0.12} 1/2-1/2

[Event "Vladimir Bato Kontic Memorial 2021"]
[Site "Niksic"]
[Date "2021.04.22"]
[Round "9.10"]
[White "Sukovic, Andrej"]
[Black "Nikcevic, Nebojsa"]
[Result "0-1"]
[WhiteElo "2283"]
[BlackElo "2393"]
[Annotator "TA"]
[PlyCount "78"]
[EventDate "2021.04.17"]
[EventType "swiss"]
[EventCountry "MNE"]
[SourceTitle "playchess.com"]
[Source "ChessBase"]
[SourceQuality "1"]

{[%evp 31,78,20,22,-24,-35,-54,-24,-29,-15,-18,-12,-5,-12,-12,-25,-10,-13,-39,0,-16,-8,-29,-33,-15,0,0,0,-66,-20,-30,-17,-27,0,0,-13,-60,-16,-22,-27,-30,0,0,0,-99,0,-29988,-29989,-29993,-29994]} 1. e4 e5 2. Nf3 Nc6 3. Bb5 a6 4. Ba4 Nf6 5. O-O Be7 6. Re1 b5 7. Bb3 d6 8. c3 O-O 9. h3 Nb8 10. d4 Nbd7 11. Nbd2 Bb7 12. Bc2 Re8 13. Nf1 Bf8 14. Ng3 g6 15. Bg5 h6 16. Bd2 Bg7 17. Nh2 {C95: Closed Ruy Lopez: Breyer Variation with 10 d4.} d5 18. Qc1 Kh7 19. f3 {Black has an edge.} c5 20. dxe5 Nxe5 {Black wants to play ...dxe4.} 21. f4 $1 {[%cal Rf4e5]} Nc4 {[%cal Rd5e4]} 22. e5 {[#]} Ne4 $146 ({Predecessor:} 22... Nd7 23. b3 Nxd2 24. Qxd2 Qc7 25. h4 Rad8 26. h5 d4 27. Ng4 dxc3 28. Qxc3 b4 29. hxg6+ fxg6 30. Bxg6+ Kxg6 {1-0 (44) Stefansson,H (2566)-Birkisson,B (2162) Hafnarfjordur 2017}) 23. Nxe4 dxe4 24. Be3 Rc8 25. Bf2 f5 26. exf6 Qxf6 27. Ng4 Qc6 {( -> ...e3)} 28. Ne3 b4 29. Bb3 (29. Nxc4 $2 e3 $19) (29. Rd1 $11) 29... bxc3 30. bxc3 (30. Nxc4 e3 31. Nxe3 Rxe3 $1 {[%mdl 512]} 32. Bg8+ Kxg8 33. Bxe3 Qxg2#) (30. Bxc4 $2 cxb2 31. Qxb2 Bxb2 $19) 30... Nxe3 31. Bxe3 c4 32. Bd1 Rcd8 {[%cal Bc8d8,Bd8d3,Bd3h3][%mdl 32] White should prevent ...Rd3.} 33. Qa3 {Ba4 is the strong threat.} Qf6 34. Rb1 Ba8 35. Ba4 Re6 ({Worse is} 35... Qxc3 36. Qxc3 Bxc3 37. Rec1 $16) 36. Qc5 Rd3 37. Bd4 {[#]} (37. Qxc4 $11 Bd5 38. Qc5) 37... Qh4 ({Of course not} 37... Rxd4 $6 38. cxd4 Qxd4+ 39. Qxd4 $14) (37... Qxd4+ $1 $17 38. cxd4 Bxd4+ 39. Qxd4 Rxd4) 38. Bxg7 $4 {[%mdl 8192] [#]} ({Avoid the trap} 38. Qxc4 $2 Rxh3 $1 {[%mdl 512]} 39. gxh3 Qg3+ 40. Kf1 Qf3+ 41. Bf2 e3 $1 $19 {[%mdl 576] Pin}) (38. Qa7 $11 Re7 39. Qxa8 Bxd4+ 40. cxd4 Rxh3 41. gxh3 Qg3+ 42. Kh1 Qxh3+ 43. Kg1 Qg3+ 44. Kh1 Qh3+ 45. Kg1 Qg3+ 46. Kf1 Qh3+ 47. Kg1) 38... Rxh3 $1 {[%csl Gh4][%cal Rh3h1][%mdl 512]} 39. Kf1 {[#]} (39. gxh3 Qg3+) 39... e3 $1 {[%csl Ge3][%cal Rh4f2] Weighted Error Value: White=0.53/Black=0.17} 0-1